Braja-bhāshā-kāvya meṃ Rādhā. (Record no. 81391)

MARC details
000 -LEADER
fixed length control field 00750cam a22002411 4500
001 - CONTROL NUMBER
control field sa 68006616
003 - CONTROL NUMBER IDENTIFIER
control field DLC
005 - DATE AND TIME OF LATEST TRANSACTION
control field 20260227112517.0
008 - FIXED-LENGTH DATA ELEMENTS--GENERAL INFORMATION
fixed length control field 820727s1968 ii b 000 0 hinr
010 ## - LIBRARY OF CONGRESS CONTROL NUMBER
LC control number sa 68006616
035 ## - SYSTEM CONTROL NUMBER
System control number (OCoLC)8635529
040 ## - CATALOGING SOURCE
Original cataloging agency DLC
Transcribing agency NcD
Modifying agency NcD
-- DLC
042 ## - AUTHENTICATION CODE
Authentication code premarc
050 00 - LIBRARY OF CONGRESS CALL NUMBER
Classification number PK1967.2.P8
Item number B7
100 1# - MAIN ENTRY--PERSONAL NAME
Personal name Purī, Ushā,
Dates associated with a name 1934-
245 10 - TITLE STATEMENT
Title Braja-bhāshā-kāvya meṃ Rādhā.
Statement of responsibility, etc. [Lekhikā] Ushā Purī. Bhūmikā: Hajārīprasāda Dvivedī.
260 ## - PUBLICATION, DISTRIBUTION, ETC.
Place of publication, distribution, etc. Naī Dillī,
Name of publisher, distributor, etc. Sañjīva Prakāśana
Date of publication, distribution, etc. [1968].
300 ## - PHYSICAL DESCRIPTION
Extent 128 p.
Dimensions 22 cm.
500 ## - GENERAL NOTE
General note In Hindi.
504 ## - BIBLIOGRAPHY, ETC. NOTE
Bibliography, etc. note Bibliography: p. [123]-128.
650 #0 - SUBJECT ADDED ENTRY--TOPICAL TERM
Topical term or geographic name entry element Braj poetry
General subdivision History and criticism.
650 #0 - SUBJECT ADDED ENTRY--TOPICAL TERM
Topical term or geographic name entry element Rādhā (Hindu deity) in literature.

No items available.

Powered by Koha